Top Scorers Premier League 2025/26 - Statistics

General Stats
  • This quiz has been taken 4 times
  • The average score is 18 of 20
Answer Stats
Club Goals Answer % Correct
12 Manchester United 11 Benjamin Sesko
100%
Manchester United 11 Bryan Mbeumo
100%
Chelsea 10 Cole Palmer
100%
Brighton 13 Danny Welbeck
100%
1 Manchester City 25 Erling Haaland
100%
Fulham 10 Harry Wilson
100%
Liverpool 11 Hugo Ekitike
100%
2 Brentford 22 Igor Thiago
100%
11 Crystal Palace 12 Jean-Philippe Mateta
100%
Manchester United 10 Matheus Cunha
100%
Nottingham Forest 15 Morgan Gibbs-White
100%
3 Aston Villa 16 Ollie Watkins
100%
Tottenham Hotspur 11 Richarlison
100%
7 Arsenal 14 Viktor Gyokeres
100%
Leeds United 14 Dominic Calvert-Lewin
75%
9 Bournemouth 13 Eli Kroupi
75%
Chelsea 10 Enzo Fernandez
75%
4 Chelsea 15 Joao Pedro
75%
17 Aston Villa 10 Morgan Rogers
75%
Burnley 11 Zian Flemming
50%
No matching quizzes found
Score Distribution
Percent of People with Each Score
Percentile by Number Answered
Your Score History
You have not taken this quiz